[Event "25th Zadar Open 2018"]
[Site "Zadar"]
[Date "2018.12.20"]
[Round "7.11"]
[White "Paszewski, Mateusz"]
[Black "Ivekovic, Bozidar"]
[Result "1-0"]
[WhiteElo "2342"]
[BlackElo "2406"]
[Annotator "NA"]
[PlyCount "78"]
[EventDate "2018.12.15"]
[EventType "swiss"]
[EventCountry "CRO"]
[SourceTitle "playchess.com"]
[Source "ChessBase"]
[SourceQuality "1"]
[TimeControl "40/5400+30:1800+30"]

1. e4 {[%emt 0:00:30]} c5 {[%emt 0:00:30]} 2. Nf3 {[%emt 0:00:00]} d6 {[%emt 0:00:30]} 3. d4 {[%emt 0:00:00]} cxd4 {[%emt 0:00:00]} 4. Qxd4 {[%emt 0:00:00]} a6 {[%emt 0:05:00]} 5. Be2 {[%emt 0:00:00] B53: Sicilian: 2...d6: Lines with Qxd4} Nf6 {[%emt 0:04:30]} 6. O-O {[%emt 0:00:30]} Nc6 {[%emt 0:05:30]} 7. Qe3 {[%emt 0:01:30]} e6 {[%emt 0:01:30]} 8. c4 {[%emt 0:06:30]} Be7 {[%emt 0:01:30]} 9. Nc3 {[%emt 0:04:30]} O-O {[%emt 0:00:30]} 10. h3 {[%emt 0:04:30]} Rb8 $146 {[%emt 0:11:30]} ({Predecessor:} 10... b6 11. Rd1 Qc7 12. b3 Bb7 {½-½ (32) Radjabov,T (2792)-Wojtaszek,R (2733) Eilat 2012}) 11. Rd1 {[%emt 0:05:30]} Qa5 {[%emt 0:03:30]} 12. Bd2 {[%emt 0:03:30]} Qc7 {[%emt 0:00:30]} 13. Rac1 {[%emt 0:01:30]} Ne5 {[%emt 0:09:30]} 14. b3 {[%emt 0:08:30]} Nxf3+ {[%emt 0:05:30]} 15. Qxf3 {[%emt 0:03:30]} b6 {[%emt 0:07:30]} 16. Qg3 {[%emt 0:01:30]} Nd7 {[%emt 0:09:30]} 17. Be3 {[%emt 0:12:30]} Re8 {[%emt 0:02:30]} 18. h4 {[%emt 0:02:30]} Bb7 {[%emt 0:07:30]} 19. h5 {[%emt 0:02:30]} Bf8 {[%emt 0:02:30]} 20. Bd4 {[%emt 0:02:30]} h6 {[%emt 0:00:30]} 21. Bd3 {[%emt 0:04:30]} Rbc8 {[%emt 0:02:29]} 22. Bb1 {[%emt 0:04:30]} Qc6 {[%emt 0:12:59]} 23. Qd3 {[%emt 0:04:30]} Nf6 $16 {[%emt 0:02:52]} 24. Nd5 {[%emt 0:09:27]} Nxh5 {[%emt 0:01:48]} 25. Nxb6 {[%emt 0:06:49]} Nf4 {[%emt 0:01:20]} 26. Qf3 {[%emt 0:00:43]} Rcd8 {[%emt 0:00:04]} 27. Qxf4 {[%emt 0:01:35]} e5 {[%emt 0:00:09]} 28. Qd2 {[%emt 0:00:18]} exd4 {[%emt 0:00:51]} 29. Qxd4 {[%emt 0:00:33]} g6 {[%emt 0:00:30]} 30. Nd5 {[%emt 0:00:14]} Bg7 {[%emt 0:00:03]} 31. Qd2 {[%emt 0:01:15]} Qc8 {[%emt 0:00:30]} 32. b4 {[%emt 0:03:29]} Qg4 {[%emt 0:01:19]} 33. c5 {[%emt 0:01:39]} Bxd5 {[%emt 0:00:57]} 34. exd5 {[%emt 0:00:00]} Qh4 {[%emt 0:00:08]} 35. g3 {[%emt 0:01:42]} Qh5 {[%emt 0:00:18]} 36. c6 {[%emt 0:00:50]} Re2 {[%emt 0:00:06]} 37. Qd3 {[%emt 0:00:33]} Rde8 {[%emt 0:01:15]} 38. Rf1 {[%emt 0:02:53]} R2e5 {[%emt 0:00:08]} 39. Kg2 {[%emt 0:01:17]} Rxd5 {[%emt 0:01:44]} 1-0

[Event "25th Zadar Open 2018"]
[Site "Zadar"]
[Date "2018.12.20"]
[Round "7.12"]
[White "Nester, Ihor"]
[Black "Nielsen, Hogni Egilstoft"]
[Result "1-0"]
[WhiteElo "2337"]
[BlackElo "2400"]
[Annotator "ChessBase"]
[PlyCount "117"]
[EventDate "2018.12.15"]
[EventType "swiss"]
[EventCountry "CRO"]
[SourceTitle "playchess.com"]
[Source "ChessBase"]
[SourceQuality "1"]
[TimeControl "40/5400+30:1800+30"]

1. Nf3 {[%emt 0:00:30]} Nf6 {[%emt 0:00:30]} 2. c4 {[%emt 0:00:30]} e6 {[%emt 0:00:30]} 3. g3 {[%emt 0:00:30]} b6 {[%emt 0:00:30]} 4. Bg2 {[%emt 0:00:00]} Bb7 {[%emt 0:00:00]} 5. O-O {[%emt 0:00:00]} c5 {[%emt 0:02:00]} 6. Nc3 {[%emt 0:00:30]} d6 {[%emt 0:01:30]} 7. d4 {[%emt 0:02:30]} cxd4 {[%emt 0:00:30]} 8. Qxd4 {[%emt 0:00:30]} Be7 {[%emt 0:03:30]} 9. Rd1 {[%emt 0:01:30]} a6 {[%emt 0:07:30]} 10. Bg5 {[%emt 0:06:30]} Nbd7 {[%emt 0:07:30]} 11. Nd2 {[%emt 0:04:30]} Bxg2 {[%emt 0:02:30]} 12. Kxg2 {[%emt 0:00:30]} Nc5 {[%emt 0:39:30]} 13. b4 {[%emt 0:07:30]} h6 {[%emt 0:00:30]} 14. Bxf6 {[%emt 0:01:30]} Bxf6 {[%emt 0:00:00]} 15. Qe3 {[%emt 0:00:30]} Nb7 {[%emt 0:03:00]} 16. Nde4 {[%emt 0:02:30]} Be7 {[%emt 0:00:30]} 17. Na4 {[%emt 0:09:30]} b5 {[%emt 0:02:30]} 18. Nac5 {[%emt 0:00:30]} Qc7 {[%emt 0:03:30]} 19. Nxb7 {[%emt 0:00:30]} Qxb7 {[%emt 0:00:30]} 20. Qf3 {[%emt 0:00:30]} Rb8 {[%emt 0:01:30]} 21. Nxd6+ {[%emt 0:03:30]} Bxd6 {[%emt 0:00:00]} 22. Rxd6 {[%emt 0:01:30]} bxc4 {[%emt 0:02:00]} 23. Qxb7 {[%emt 0:00:30]} Rxb7 {[%emt 0:00:30]} 24. Rxa6 {[%emt 0:01:30]} Ke7 {[%emt 0:01:30]} 25. a3 {[%emt 0:00:30]} Rc8 {[%emt 0:00:30]} 26. Rc1 {[%emt 0:00:30]} c3 {[%emt 0:04:17]} 27. Ra5 {[%emt 0:01:30]} c2 {[%emt 0:02:22]} 28. f4 {[%emt 0:08:30]} Rd7 {[%emt 0:05:32]} 29. Rc5 {[%emt 0:00:30]} Rxc5 {[%emt 0:00:06]} 30. bxc5 {[%emt 0:00:00]} Ra7 {[%emt 0:00:04]} 31. Rxc2 {[%emt 0:00:00]} Rxa3 {[%emt 0:00:05]} 32. c6 {[%emt 0:24:30]} Ra8 {[%emt 0:00:15]} 33. Rb2 {[%emt 0:01:30]} Kd6 {[%emt 0:04:49]} 34. Rb7 {[%emt 0:00:30]} Rf8 {[%emt 0:00:09]} 35. e4 {[%emt 0:00:00]} Kxc6 {[%emt 0:00:34]} 36. Ra7 {[%emt 0:00:00]} Kd6 {[%emt 0:02:42]} 37. e5+ {[%emt 0:00:30]} Kd5 {[%emt 0:01:30]} 38. Kf3 {[%emt 0:00:00]} h5 {[%emt 0:01:46]} 39. h3 {[%emt 0:03:13]} Kd4 {[%emt 0:02:08]} 40. Rd7+ {[%emt 0:00:00]} Kc5 {[%emt 0:00:00]} 41. Ke4 {[%emt 0:01:47]} Kc6 {[%emt 0:04:41]} 42. Re7 {[%emt 0:00:30]} Kc5 {[%emt 0:02:30]} 43. g4 {[%emt 0:05:30]} hxg4 {[%emt 0:09:23]} 44. hxg4 {[%emt 0:00:00]} g6 {[%emt 0:03:25]} 45. Kf3 {[%emt 0:04:00]} Kd5 {[%emt 0:03:22]} 46. Rd7+ {[%emt 0:00:30]} Kc6 {[%emt 0:00:46]} 47. Ra7 {[%emt 0:00:00]} Kd5 {[%emt 0:00:57]} 48. Rd7+ {[%emt 0:00:00]} Kc6 {[%emt 0:00:06]} 49. Re7 {[%emt 0:00:30]} Kc5 {[%emt 0:05:09]} 50. Kg3 {[%emt 0:00:30]} Kd5 {[%emt 0:00:50]} 51. Kh4 {[%emt 0:00:30]} Ke4 {[%emt 0:01:30]} 52. Kg5 {[%emt 0:00:30]} Kf3 {[%emt 0:00:32]} 53. Ra7 {[%emt 0:00:30]} Ke4 {[%emt 0:01:43]} 54. Ra4+ {[%emt 0:00:30]} Kf3 {[%emt 0:00:35]} 55. Ra7 {[%emt 0:05:30]} Ke4 {[%emt 0:00:05]} 56. Kf6 {[%emt 0:00:30]} Kxf4 {[%emt 0:03:05]} 57. Ra4+ {[%emt 0:00:00]} Kg3 {[%emt 0:00:31]} 58. Kg7 {[%emt 0:00:00]} Rb8 {[%emt 0:00:29]} 59. Kxf7 {[%emt 0:00:30]} 1-0

[Event "25th Zadar Open 2018"]
[Site "Zadar"]
[Date "2018.12.20"]
[Round "7.13"]
[White "Dixit, Nikhil"]
[Black "Janzelj, Tim"]
[Result "1-0"]
[WhiteElo "2292"]
[BlackElo "2395"]
[Annotator "TA"]
[PlyCount "117"]
[EventDate "2018.12.15"]
[EventType "swiss"]
[EventCountry "CRO"]
[SourceTitle "playchess.com"]
[Source "ChessBase"]
[SourceQuality "1"]

{[%evp 23,117,1,16,0,25,19,32,34,40,25,29,25,35,36,54,17,23,26,29,28,15,21,19,29,54,52,60,52,60,49,55,64,60,56,96,87,93,28,21,24,67,85,77,76,68,26,131,127,121,144,144,125,122,125,196,177,186,113,164,158,364,365,533,523,480,457,692,684,678,659,1056,1019,1008,988,1934,1720,1903,1862,5422,5422,29976,29977,29976,29978,29978,29979,29978,29977,29986,29982,29982,29983,29983,29982,29984,29983]} 1. e4 d6 2. d4 Nf6 3. Nc3 e5 4. Nf3 Nbd7 5. Bc4 Be7 6. O-O O-O 7. a4 c6 8. Ba2 b6 9. Re1 a6 10. h3 Rb8 11. dxe5 {C41: Philidor Defence} (11. Be3 b5 12. axb5 axb5 13. b4 Bb7 14. Bb3 exd4 15. Nxd4 d5 16. exd5 Bxb4 17. Bd2 cxd5 18. Ncxb5 Bxd2 19. Qxd2 {½-½ (30) Kryvoruchko,Y (2705)-Laznicka,V (2671) Brest 2018}) 11... dxe5 12. Nh4 Nc5 {LiveBook: 5 Games} 13. Nf5 {The position is equal.} Bxf5 $146 (13... b5 {with more complications.} 14. axb5 axb5 15. Be3 Bxf5 16. exf5 Qxd1 17. Rexd1 Rfd8) ({Predecessor:} 13... Be6 14. Qf3 Bxa2 15. Rxa2 Ne6 16. Qg3 Nd7 17. Rd1 Rb7 18. Ra1 Kh8 {1-0 (30) Frolyanov,D (2563)-Dragomirescu,A (2248) Kavala 2016}) 14. Qxd8 Rfxd8 15. exf5 Ncd7 16. g4 h6 {[#]} 17. Bf4 $1 {[%mdl 512]} Bc5 (17... exf4 18. Rxe7) 18. Bg3 Kf8 19. Rad1 b5 20. Kg2 Bd4 21. axb5 axb5 22. f4 {[%cal Rf4e5]} Bxc3 23. bxc3 exf4 24. Bxf4 {Black must now prevent Bd6+.} Ra8 25. Bb3 Nb6 26. Rxd8+ Rxd8 27. Bc7 Rd2+ 28. Kf3 Nc4 29. Bf4 Rd7 30. Ra1 ({White should try} 30. Bxc4 $1 $16 bxc4 31. Ra1) 30... Nd2+ $11 31. Ke2 Nde4 32. c4 b4 33. Ra6 c5 34. Rc6 Nc3+ (34... Ra7 $11) 35. Kf3 $16 Nfe4 36. Be3 $1 Ke7 37. Rxc5 Nxc5 38. Bxc5+ {[%mdl 4096] Endgame KRN-KB} Kf6 (38... Kd8 $16) 39. Bxb4 $18 Nb1 {[#]} 40. Ke2 (40. Ke3 $1 $18) 40... Rb7 {[#]} (40... Rd8 $16 {was called for.}) 41. Bd6 $1 Kg5 $2 (41... h5 $16) 42. Kd3 Kh4 (42... Ra7 {might work better.} 43. c5 Na3) 43. c5 Rd7 {If Black can now play ...Na3 this consolidates a bit.} 44. Ba4 Ra7 (44... Rd8 $142 45. Ke3 Kxh3) 45. Bb5 Ra3+ 46. Kd4 Rc3 47. c6 Rxc2 48. c7 Nd2 49. Kd3 Rxc7 50. Bxc7 Nf3 51. Ke3 Ng5 52. Bf1 {White mates.} Nxh3 53. Bxh3 Kxh3 {KB-K3P} 54. Kf3 Kh4 55. Kf4 h5 56. g5 g6 57. fxg6 fxg6 58. Bd8 Kh3 59. Ke4 {Accuracy: White = 81%, Black = 41%.} 1-0

[Event "25th Zadar Open 2018"]
[Site "Zadar"]
[Date "2018.12.20"]
[Round "7.14"]
[White "Martinovic, Sasa"]
[Black "Muha, Miljenko"]
[Result "1-0"]
[WhiteElo "2554"]
[BlackElo "2334"]
[Annotator "TA"]
[PlyCount "87"]
[EventDate "2018.12.15"]
[EventType "swiss"]
[EventCountry "CRO"]
[SourceTitle "playchess.com"]
[Source "ChessBase"]
[SourceQuality "1"]

{[%evp 14,87,21,-7,0,-33,0,6,20,20,17,16,39,38,30,20,35,29,25,24,44,36,52,47,124,118,125,111,130,88,146,147,220,167,306,91,159,156,140,60,53,36,75,79,76,69,133,135,143,123,220,161,211,132,333,342,329,335,326,317,330,331,343,331,555,543,480,421,639,447,872,833,849,849,849,640]} 1. Nf3 d5 2. g3 Nf6 3. Bg2 c6 4. O-O Bg4 5. d3 e6 6. Nbd2 Be7 7. e4 O-O {A07: Réti Opening: New York and Capablanca Systems} 8. Qe1 {LiveBook: 15 Games} (8. h3 Bh5 9. Qe1 a5 10. Ne5 Nfd7 11. Nxd7 Nxd7 12. f4 dxe4 13. dxe4 f6 14. Nf3 Qb6+ 15. Kh2 Rfd8 16. b3 Bb4 {1-0 (40) Harikrishna,P (2753)-Sargissian,G (2702) Huaian 2016}) 8... Bh5 9. Kh1 c5 $146 {Black is slightly better.} ({Predecessor:} 9... a5 10. a3 a4 11. Ng1 dxe4 12. dxe4 e5 13. f4 exf4 14. gxf4 {½-½ (66) Gutman,L (2475)-Carlier,B (2380) Brussels 1987}) 10. Ne5 Nbd7 11. Nxd7 Qxd7 12. f4 dxe4 13. dxe4 Rad8 14. h3 {next g4 is good for White.} Bg6 15. g4 {aiming for f5.} h6 16. Qe2 Bh7 17. a4 Qc6 18. b3 Rd7 {[#]} (18... Nd7 $14) 19. f5 $1 $16 Rfd8 20. Nc4 Qa6 21. Bf4 exf5 ({Black should try} 21... Ne8) 22. gxf5 g5 (22... Ne8 $16 23. Qf3 f6) 23. Be3 Bf8 (23... Bd6 $142 24. Bf3 Ne8) 24. Rad1 $2 (24. Rae1 $18 {is the precise move to win.}) 24... Re8 ({Better is} 24... Rxd1 25. Rxd1 Rxd1+ 26. Qxd1 Qc6) 25. Rxd7 Nxd7 26. Qd3 (26. Qd1 $16 Qc6 {[#]} 27. h4 $1 {[%mdl 512]}) 26... Nb6 $14 27. h4 $36 {[%mdl 2048] White fights for an advantage.} g4 28. Nb2 Qxd3 29. Nxd3 c4 (29... Nd7 $14) 30. Nf4 $16 cxb3 31. cxb3 Bg7 (31... Be7 $16 {might work better.}) 32. h5 Nc8 33. Rd1 Bf6 $2 (33... Bxf5 $16 34. exf5 Rxe3) 34. Nd5 $18 Bh4 35. Bxh6 Nd6 {[#]} 36. Nf6+ $1 {[%mdl 512]} Bxf6 37. Rxd6 Be5 38. Rd7 Bg3 $2 (38... Kh8 {was necessary.} 39. Rxf7 Bg8 40. Rxb7 Rd8) 39. Bf1 {White is clearly winning.} Kh8 40. Kg2 Bh4 (40... Be5 $142 41. Rxb7 a5) 41. Bd3 Rc8 (41... Rd8 $142) 42. Rxf7 Rc3 43. Bg7+ Kg8 44. Bxc3 {Accuracy: White = 64%, Black = 30%.} 1-0

[Event "25th Zadar Open 2018"]
[Site "Zadar"]
[Date "2018.12.20"]
[Round "7.15"]
[White "Spalir, Jernej"]
[Black "Tica, Sven"]
[Result "1/2-1/2"]
[WhiteElo "2336"]
[BlackElo "2439"]
[Annotator "TA"]
[PlyCount "117"]
[EventDate "2018.12.15"]
[EventType "swiss"]
[EventCountry "CRO"]
[SourceTitle "playchess.com"]
[Source "ChessBase"]
[SourceQuality "1"]

{[%evp 17,117,37,35,-5,-5,-23,-13,-13,-13,-13,-8,-10,-18,-19,-14,-50,-4,-25,0,-46,-43,-31,-34,-80,-45,-183,-177,-289,-285,-294,-291,-279,-8,-8,-8,-5,-6,-5,-8,-31,-38,-38,-34,-33,-36,-82,0,0,0,0,0,0,0,0,0,0,0,0,0,0,0,0,0,-11,0,0,0,-11,0,0,0,-11,-11,-11,0,0,0,-11,-12,-25,-20,-30,-32,-18,0,-6070,0,0,0,0,0,0,0,0,0,0,0,0,0,0,0,0]} 1. d4 Nf6 2. c4 e6 3. Nf3 d5 4. Nc3 Nbd7 5. cxd5 exd5 6. Bg5 c6 7. e3 Bd6 8. Bd3 Nf8 9. Qc2 Ng6 {LiveBook: 79 Games} 10. h3 {D35: Queen's Gambit Declined: Exchange Variation} h6 11. Bxg6 hxg5 12. Nxg5 fxg6 13. Qxg6+ {[%mdl 64] Double Attack} Kd7 14. Nf7 $1 {[%cal Rf7d8][%mdl 64] Double Attack} ({Reject} 14. Qxg7+ Be7 $17) 14... Qf8 15. Nxh8 ({Much weaker is} 15. Nxd6 Kxd6 16. Qg3+ Ke7 $17) 15... Qxh8 16. g4 $146 ({Predecessor:} 16. O-O Ke7 17. e4 dxe4 18. Nxe4 {1-0 (55) Browne,W (2495)-Raicevic,V (2455) Philadelphia 1987}) 16... Ne4 17. Nxe4 dxe4 18. Qxe4 Kc7 19. O-O-O Bd7 20. f4 Qg8 {...Re8 is the strong threat.} 21. Kb1 ({White should try} 21. d5 $15) 21... Be6 $19 {[%cal Bd7e6,Be6a2,Ba2b3][%mdl 32]} 22. Qd3 (22. d5 $142 Bxd5 {[%mdl 64] Double Attack} 23. Qd4) 22... Bxa2+ 23. Ka1 {aiming for d5.} Bb3 24. Rc1 {and if e4 works, White does fine.} Re8 $2 ({Black should play} 24... Qd5 $19 25. Qf5 Re8 26. Qxd5 Bxd5) 25. e4 $1 $11 Bxf4 26. d5 $1 {Black must now prevent Rcf1.} Bxc1 27. Rxc1 {[#]} Bxd5 $1 {[%mdl 512]} 28. exd5 {[%mdl 4096] Endgame KQR-KQR} (28. Qxd5 Qxd5) 28... Re5 29. Rc5 Rxd5 30. Rxd5 Qxd5 $15 {KQ-KQ} 31. Qe3 a5 (31... b6 $17) 32. Qe7+ $11 Qd7 33. Qe5+ Kb6 34. g5 $1 g6 35. Qe4 Qf7 36. h4 Ka6 37. Qd3+ b5 38. Qd6 Qf1+ 39. Ka2 Qc4+ 40. Ka1 Qa4+ 41. Kb1 Qe4+ 42. Ka2 Qa4+ 43. Kb1 Qe4+ 44. Ka2 a4 45. Qd7 Qc4+ 46. Kb1 Qe4+ 47. Ka2 b4 48. Qc8+ $1 Kb6 49. Qd8+ Kb5 50. Qb8+ Kc4 51. Qd6 $2 {[%mdl 8192] [#]} (51. Qa7 $11) 51... a3 $2 (51... Qd5 $1 $19 52. Qf4+ Kb5+ 53. Kb1 Qh1+ 54. Qc1 Qxh4 55. Qf1+ Qc4) 52. b3+ {The position is equal.} Kc3 53. Qf6+ Kd2 {Threatens to win with ...Ke2.} 54. Qf2+ Kd3 55. Qf1+ Kd2 56. Qf2+ $1 Kc3 {And now ...Qc2+ would win.} 57. Qf6+ Kd3 (57... Kc2 $5 58. Qf2+ $8 Kd1 59. Qf1+ Kd2 60. Qf2+ $11) 58. Qf1+ Kc3 {( -> ...Qc2+)} (58... Kd2 $5 59. Qf2+ $8 $11) 59. Qf6+ {Accuracy: White = 71%, Black = 39%.} 1/2-1/2

[Event "25th Zadar Open 2018"]
[Site "Zadar"]
[Date "2018.12.20"]
[Round "7.16"]
[White "Jakic, Ivan"]
[Black "Pallitsch, Clemens"]
[Result "1-0"]
[WhiteElo "2393"]
[BlackElo "2176"]
[Annotator "NA"]
[PlyCount "87"]
[EventDate "2018.12.15"]
[EventType "swiss"]
[EventCountry "CRO"]
[SourceTitle "playchess.com"]
[Source "ChessBase"]
[SourceQuality "1"]
[TimeControl "40/5400+30:1800+30"]

1. e4 {[%emt 0:00:30]} c5 {[%emt 0:00:30]} 2. Nf3 {[%emt 0:00:00]} e6 {[%emt 0:00:00]} 3. d4 {[%emt 0:00:00]} cxd4 {[%emt 0:00:00]} 4. Nxd4 {[%emt 0:00:30]} Nc6 {[%emt 0:00:30]} 5. Nc3 {[%emt 0:00:00]} Qc7 {[%emt 0:00:00]} 6. Be3 {[%emt 0:00:00] LiveBook: 7598 Games} a6 {[%emt 0:00:00]} 7. Qf3 {[%emt 0:01:30] B48: Sicilian: Taimanov: 5 Nc3 Qc7 6 Be3 a6 without Be2} Nf6 {[%emt 0:00:30]} 8. O-O-O {[%emt 0:00:30]} Be7 {[%emt 0:01:30]} (8... d6 9. Nxc6 Qxc6 10. g4 b5 11. g5 Nd7 12. a3 Bb7 13. Qh3 Rc8 14. g6 Nf6 {0-1 (55) Durarbayli,V (2629)-Cori Tello,J (2664) Saint Louis 2018}) 9. Be2 {[%emt 0:00:30]} O-O {[%emt 0:00:30]} 10. Qg3 {[%emt 0:00:30]} Qxg3 {[%emt 0:05:30]} 11. hxg3 {[%emt 0:00:00]} Ne5 {[%emt 0:01:30]} 12. f4 {[%emt 0:09:00]} Neg4 {[%emt 0:01:30]} 13. Bg1 {[%emt 0:00:00]} d6 {[%emt 0:03:30]} 14. Rh4 $146 {[%emt 0:01:00]} (14. Nb3 $16) ({Predecessor:} 14. Na4 Bd8 {½-½ (29) Goumas,G (2371)-Drakoulakos,G (2045) Rethymno 2014}) 14... e5 {[%emt 0:05:30]} 15. Nf5 {[%emt 0:20:30]} Bxf5 {[%emt 0:02:30]} 16. exf5 {[%emt 0:00:30]} h5 {[%emt 0:01:30]} 17. Bxg4 {[%emt 0:01:30]} hxg4 {[%emt 0:02:30]} 18. Be3 {[%emt 0:00:30]} g6 {[%emt 0:01:30]} 19. Rdh1 {[%emt 0:04:30]} (19. fxe5 $16 dxe5 20. Bg5) 19... Nh5 {[%emt 0:10:30]} ({Black should try} 19... gxf5 $14 20. fxe5 dxe5) 20. Rxg4 {[%emt 0:11:30]} Ng7 {[%emt 0:03:30]} (20... Nf6 $142 21. Rgh4 gxf5 22. fxe5 dxe5) 21. fxg6 {[%emt 0:04:30]} f5 {[%emt 0:02:30]} 22. Nd5 {[%emt 0:00:30]} Bd8 {[%emt 0:00:30]} 23. Rgh4 {[%emt 0:00:30]} Bxh4 {[%emt 0:00:30]} 24. Rxh4 {[%emt 0:00:30]} Rae8 {[%emt 0:01:30]} 25. c4 {[%emt 0:02:30]} (25. fxe5 $18 {is more deadly.} Rxe5 26. c4) 25... Re6 {[%emt 0:04:30]} 26. fxe5 {[%emt 0:01:30]} dxe5 {[%emt 0:04:30]} 27. Bc5 {[%emt 0:03:30]} Rc8 {[%emt 0:05:30]} (27... Rfe8 $14) 28. Ne7+ {[%emt 0:10:30]} Rxe7 {[%emt 0:00:00]} 29. Bxe7 {[%emt 0:00:00]} Rc6 {[%emt 0:00:00]} 30. c5 {[%emt 0:01:00]} Rxg6 {[%emt 0:00:30]} 31. Rb4 {[%emt 0:00:00]} Rxg3 {[%emt 0:09:30]} 32. Rxb7 {[%emt 0:00:00]} Rxg2 {[%emt 0:00:30]} 33. Bf6 {[%emt 0:06:30]} Ne6 {[%emt 0:00:30]} 34. c6 {[%emt 0:05:42]} f4 $14 {[%emt 0:05:30]} 35. Re7 {[%emt 0:01:30]} f3 {[%emt 0:07:30]} 36. Bh4 {[%emt 0:00:16]} Rg6 {[%emt 0:05:27]} 37. Kd2 {[%emt 0:04:54]} Nf4 {[%emt 0:04:02]} 38. c7 {[%emt 0:02:51]} Rd6+ {[%emt 0:04:15]} 39. Ke1 {[%emt 0:01:37]} Rc6 {[%emt 0:03:17]} 40. Re8+ {[%emt 0:00:00]} Kg7 {[%emt 0:00:00]} 41. c8=Q {[%emt 0:01:10]} Ng2+ {[%emt 0:00:59]} 42. Kf2 {[%emt 0:00:30]} Rxc8 {[%emt 0:00:30]} 43. Rxc8 {[%emt 0:00:30]} Nxh4 {[%emt 0:00:00]} 44. Rc4 {[%emt 0:01:30]} 1-0

[Event "25th Zadar Open 2018"]
[Site "Zadar"]
[Date "2018.12.20"]
[Round "7.17"]
[White "Krstulovic, Alex"]
[Black "Kurayan, Ruslan"]
[Result "1/2-1/2"]
[WhiteElo "2313"]
[BlackElo "2391"]
[Annotator "ChessBase"]
[PlyCount "108"]
[EventDate "2018.12.15"]
[EventType "swiss"]
[EventCountry "CRO"]
[SourceTitle "playchess.com"]
[Source "ChessBase"]
[SourceQuality "1"]
[TimeControl "40/5400+30:1800+30"]

1. d4 {[%emt 0:00:30]} Nf6 {[%emt 0:00:30]} 2. c4 {[%emt 0:00:00]} g6 {[%emt 0:00:30]} 3. Nc3 {[%emt 0:00:00]} Bg7 {[%emt 0:00:30]} 4. e4 {[%emt 0:00:00]} d6 {[%emt 0:00:00]} 5. Be2 {[%emt 0:00:00]} O-O {[%emt 0:00:00]} 6. Nf3 {[%emt 0:00:30]} e5 {[%emt 0:00:30]} 7. O-O {[%emt 0:00:00]} Nc6 {[%emt 0:00:00]} 8. d5 {[%emt 0:00:00]} Ne7 {[%emt 0:00:00]} 9. Ne1 {[%emt 0:00:30]} Nd7 {[%emt 0:00:30]} 10. f3 {[%emt 0:00:00]} f5 {[%emt 0:00:00]} 11. Be3 {[%emt 0:00:00]} f4 {[%emt 0:01:00]} 12. Bf2 {[%emt 0:00:00]} g5 {[%emt 0:00:30]} 13. Nb5 {[%emt 0:00:00]} b6 {[%emt 0:17:30]} 14. b4 {[%emt 0:00:30]} Nf6 {[%emt 0:33:30]} 15. a4 {[%emt 0:02:30]} a5 {[%emt 0:18:30]} 16. bxa5 {[%emt 0:00:30]} Rxa5 {[%emt 0:00:00]} 17. Nd3 {[%emt 0:02:30]} g4 {[%emt 0:04:00]} 18. Be1 {[%emt 0:04:30]} Ra6 {[%emt 0:00:30]} 19. a5 {[%emt 0:03:30]} bxa5 {[%emt 0:04:21]} 20. c5 {[%emt 0:06:30]} gxf3 {[%emt 0:04:32]} 21. Bxf3 {[%emt 0:13:30]} Nexd5 {[%emt 0:01:37]} 22. Qb3 {[%emt 0:19:30]} Kh8 {[%emt 0:03:24]} 23. Bxa5 {[%emt 0:06:30]} Rxa5 {[%emt 0:00:59]} 24. Rxa5 {[%emt 0:00:30]} Ne3 {[%emt 0:07:27]} 25. Rfa1 {[%emt 0:00:30]} d5 {[%emt 0:01:07]} 26. Ra8 {[%emt 0:11:30]} dxe4 {[%emt 0:00:29]} 27. Nxe5 {[%emt 0:00:30]} exf3 {[%emt 0:00:46]} 28. Nf7+ {[%emt 0:01:30]} Rxf7 {[%emt 0:00:01]} 29. Qxf7 {[%emt 0:00:00]} f2+ {[%emt 0:00:36]} 30. Kh1 {[%emt 0:00:00]} f1=Q+ {[%emt 0:00:23]} 31. Rxf1 {[%emt 0:00:30]} Nxf1 {[%emt 0:00:05]} 32. Nd6 {[%emt 0:01:30]} cxd6 {[%emt 0:00:27]} 33. cxd6 {[%emt 0:00:30]} h5 {[%emt 0:01:40]} 34. Qc7 {[%emt 0:00:30]} Qd7 {[%emt 0:00:34]} 35. Rxc8+ {[%emt 0:05:30]} Kh7 {[%emt 0:00:04]} 36. Qxd7 {[%emt 0:08:25]} Nxd7 {[%emt 0:00:01]} 37. Rc7 {[%emt 0:00:57]} Ne5 {[%emt 0:00:56]} 38. Re7 {[%emt 0:00:01]} Nc6 {[%emt 0:00:44]} 39. Rc7 {[%emt 0:01:30]} Nd8 {[%emt 0:00:31]} 40. Rd7 {[%emt 0:00:00]} Ne6 {[%emt 0:00:00]} 41. Re7 {[%emt 0:02:07]} Nd8 {[%emt 0:19:43]} 42. Rd7 {[%emt 0:00:30]} Nc6 {[%emt 0:00:06]} 43. Rc7 {[%emt 0:00:30]} Ne5 {[%emt 0:00:22]} 44. Re7 {[%emt 0:01:30]} Ne3 {[%emt 0:00:44]} 45. d7 {[%emt 0:01:30]} Nc6 {[%emt 0:00:32]} 46. Re8 {[%emt 0:00:30]} Nf5 {[%emt 0:00:18]} 47. Rc8 {[%emt 0:02:30]} Nfd4 {[%emt 0:00:37]} 48. d8=Q {[%emt 0:00:00]} Nxd8 {[%emt 0:00:02]} 49. Rxd8 {[%emt 0:00:00]} Kg6 {[%emt 0:01:57]} 50. Kg1 {[%emt 0:04:30]} Kf5 {[%emt 0:03:13]} 51. Kf2 {[%emt 0:04:30]} Kg4 {[%emt 0:00:54]} 52. g3 {[%emt 0:05:30]} f3 {[%emt 0:06:51]} 53. Rg8 {[%emt 0:00:30]} Ne6 {[%emt 0:00:04]} 54. h4 {[%emt 0:00:30]} Kf5 {[%emt 0:01:39]} 1/2-1/2